ARA : (Registro nro. 21798)

Detalles MARC
000 -Cabecera
Campo de control interno 00923nam a2200265Ia 4500
005 - Fecha y hora del registro
control field 20260320113313.0
008 - Elementos de Longitud Fija
fixed length control field 260320s9999||||xx |||||||||||||| ||und||
041 ## - Idioma
Codigo Idioma ESP
082 ## - DEWEY y NOTACIÓN INTERNA
Dewey HR 027.985 JUN 2025
Notación Interna ARA.2
100 ## - AUTOR
Autor denominación
Término de relación
110 ## - AUTOR INSTTITUCIONAL
Autor Institucional Archivo Regional de Arequipa
245 #0 - TÍTULO DE MATERIAL BIBLIOGRÁFICO
Título ARA :
Título paralelo revista del Archivo Regional de Arequipa
246 ## - TÍTULO TRADUCIDO
Título
Título paralelo
Autor
260 ## - CIUDAD, EDITORIAL, AÑO
Ciudad [Lugar de publicación no identificado] :
Nombre de la Editorial [Editor no identificado],
Año 2025
300 ## - DESCRIPCIÓN
N° Páginas 98 páginas :
Otros detalles fotografías, cuadros, tablas ;
Dimensiones 30 cm.
Material Adicional
440 ## - MENCIÓN DE SERIE
Título de la Serie
Número de Serie
Volumen de Serie
505 ## - TABLA DE CONTENIDO
Tabla de Contenido N° 3 (2025)
650 ## - TEMAS
Temas Generalidades
653 ## - DESCRIPTORES
Lenguajes no controlado Archivo Regional de Arequipa - Revista
654 ## - PROGRAMAS
Programa Dpto. de Humanidades
700 ## - OTROS AUTORES
Otros autores
Títulos y otras palabras asociadas con el nombre
856 ## - URL - UBICACIÓN
URI/URL: Enlace exacto del recurso <a href="https://app-vlex-com.ucsp.lookproxy.com/search/type:source+jurisdiction:PE,XM+content_type:4+source_type:02.01,02.02,02.03,02.04,02.05/*">https://app-vlex-com.ucsp.lookproxy.com/search/type:source+jurisdiction:PE,XM+content_type:4+source_type:02.01,02.02,02.03,02.04,02.05/*</a>
Nota pública: Versión digital <a href=" Véase además: Base de datos Vlex"> Véase además: Base de datos Vlex</a>
942 ## - ELEMENTOS DE KOHA
Tipo de documento Revista
Nombre del creador Justo Noguera
Código de catalogador Margarita Torres
Esquema de clasificación Dewey Decimal Classification
Suppress in OPAC
Existencias
Codigo completo Registro Colección Copia número Disponibilidad Tipo de préstamo Biblioteca Actual Procedencia (Biblioteca) Ubicacón Fecha Ingreso Tipo de Adquisición Observación Date last seen Total checkouts Price effective from Tipo de Item Estado del Material Fuente de Clasificación Damaged status Withdrawn status
HR 027.985 JUN 2025 ARA.2 1085358 Universidad Católica San Pablo 2 Disponible Disponible Víctor Andrés Belaunde Víctor Andrés Belaunde Planta baja abierta 10/03/2026 Donación ARA 20/03/2026   20/03/2026 Revista Bueno Dewey Decimal Classification